SAT Vocab 11 - Statistics

General Stats
  • This quiz has been taken 34 times
  • The average score is 9 of 25
Answer Stats
Answer Hint % Correct
Taciturn (adj) inclined to silence; quiet
80%
Stoic (adj) to be seemingly unaffected by joy, pain, grief, etc
60%
Succinct (adj) expressed in few words
60%
Supercilious (adj) feeling or showing haughty disdain
60%
Surfeit (n) an excessive amount
60%
Theology (n) the study of religion
60%
Thrifty (adj) economical in use or expenditure; not wasteful
60%
Timorous (adj) timid, shy
60%
Stratagem (n) a plan or scheme designed for tricking an enemy
40%
Swagger (n) a walk or strut with a defiant air
40%
Swindle (v) to cheat
40%
Terse (adj) using few words
40%
Torpor (n) sluggishness
40%
Tout (v) to describe or advertise boastfully
40%
Stymie (v) to block
20%
Subterfuge (n) a deceptive stratagem or device
20%
Subversion (n) the overthrowing or destroying of a government
20%
Surreptitious (adj) obtained by stealth or sneakiness
20%
Tactile (adj) perceptible to the touch
20%
Tangible (adj) capable of being touched
20%
Tenacious (adj) tending to hold persistently to something
20%
Threadbare (adj) overused to the point of being worn out
20%
Thwart (v) to oppose successfully; to prevent from accomplishing a purpose
20%
Sullen (adj) gloomy or dismal
0%
Thorough (adj) extremely attentive to accuracy and detail
0%
No matching quizzes found
Score Distribution
Percent of People with Each Score
Percentile by Number Answered
Your Score History
You have not taken this quiz